00327nam a2200145Ia 45000030006000000080041000060400015000471000023000622450036000852500006001212600017001273000006001445460014001500050017001640STCL150530s9999 xx 000 0 und d aSTCLcSTCL aBalakrishnan, C.V. aBhoomiyepetty Adhikam Parayenda a1 bAuthorc1983 a0 aMalayalam20220125171652.0